[Event "DEM U14 2023"]
[Site "Willingen GER"]
[Date "2023.05.30"]
[Round "4"]
[White "Chugunov, Ivan"]
[Black "Petrow, Andre"]
[Result "1-0"]
[Termination "normal"]
[Board "21"]
[WhiteElo "1670"]
[BlackElo "1540"]
[WhiteClock "00:18:07"]
[BlackClock "00:57:34"]
[PlyCount "115"]
[WhiteFideId "16256808"]
[BlackFideId "34612815"]
[EventCountry "GER"]
[EventRounds "9"]
[EventType "swiss"]
[EventDate "2023.05.27"]

1. d4 {[%clk 01:30:54]} {[%emt 00:00:05]} d5 {[%clk 01:30:53]} {[%emt
00:00:08]} 2. c4 {[%clk 01:31:05]} {[%emt 00:00:18]} e6 {[%clk 01:31:18]}
{[%emt 00:00:05]} 3. g3 {[%clk 01:31:23]} {[%emt 00:00:12]} Nf6 {[%clk
01:31:15]} {[%emt 00:00:33]} 4. Bg2 {[%clk 01:31:30]} {[%emt 00:00:24]} Bb4+
{[%clk 01:31:12]} {[%emt 00:00:33]} 5. Nd2 {[%clk 01:31:43]} {[%emt 00:00:16]}
O-O {[%clk 01:30:51]} {[%emt 00:00:52]} 6. Ngf3 {[%clk 01:31:17]} {[%emt
00:00:55]} dxc4 {[%clk 01:30:10]} {[%emt 00:01:11]} 7. Qc2 {[%clk 01:29:44]}
{[%emt 00:02:03]} Nc6 {[%clk 01:29:06]} {[%emt 00:01:34]} 8. Qxc4 {[%clk
01:29:29]} {[%emt 00:00:46]} h6 {[%clk 01:27:37]} {[%emt 00:01:59]} 9. O-O
{[%clk 01:27:55]} {[%emt 00:02:03]} Be7 {[%clk 01:25:06]} {[%emt 00:03:01]} 10.
a3 {[%clk 01:25:08]} {[%emt 00:03:17]} a5 {[%clk 01:24:27]} {[%emt 00:01:10]}
11. b3 {[%clk 01:23:51]} {[%emt 00:01:47]} Bd7 {[%clk 01:21:28]} {[%emt
00:03:29]} 12. Bb2 {[%clk 01:11:38]} {[%emt 00:12:42]} Na7 {[%clk 01:18:18]}
{[%emt 00:03:40]} 13. Rac1 {[%clk 01:07:34]} {[%emt 00:04:33]} Bd6 {[%clk
01:13:34]} {[%emt 00:05:15]} 14. Rfe1 {[%clk 01:04:49]} {[%emt 00:03:15]} Bb5
{[%clk 01:10:18]} {[%emt 00:03:47]} 15. Qc2 {[%clk 00:53:55]} {[%emt 00:11:23]}
c6 {[%clk 01:07:13]} {[%emt 00:03:35]} 16. e4 {[%clk 00:52:09]} {[%emt
00:02:16]} Bc7 {[%clk 01:04:03]} {[%emt 00:03:40]} 17. Nc4 {[%clk 00:46:20]}
{[%emt 00:06:19]} Nd7 {[%clk 00:56:06]} {[%emt 00:08:27]} 18. Red1 {[%clk
00:38:25]} {[%emt 00:08:25]} Rc8 {[%clk 00:52:20]} {[%emt 00:04:17]} 19. Nfe5
{[%clk 00:35:14]} {[%emt 00:03:40]} Bxe5 {[%clk 00:48:16]} {[%emt 00:04:34]}
20. dxe5 {[%clk 00:33:18]} {[%emt 00:02:27]} Bxc4 {[%clk 00:47:13]} {[%emt
00:01:33]} 21. Qxc4 {[%clk 00:33:07]} {[%emt 00:00:40]} Qc7 {[%clk 00:46:42]}
{[%emt 00:01:01]} 22. Qd4 {[%clk 00:31:09]} {[%emt 00:02:28]} Nb6 {[%clk
00:44:42]} {[%emt 00:02:31]} 23. a4 {[%clk 00:30:52]} {[%emt 00:00:46]} Rfd8
{[%clk 00:43:55]} {[%emt 00:01:17]} 24. Qc5 {[%clk 00:29:50]} {[%emt 00:01:31]}
Rxd1+ {[%clk 00:39:28]} {[%emt 00:04:59]} 25. Rxd1 {[%clk 00:30:11]} {[%emt
00:00:08]} Rd8 {[%clk 00:39:09]} {[%emt 00:00:50]} 26. Rxd8+ {[%clk 00:17:55]}
{[%emt 00:12:45]} Qxd8 {[%clk 00:39:32]} {[%emt 00:00:07]} 27. Qd6 {[%clk
00:16:45]} {[%emt 00:01:40]} Qxd6 {[%clk 00:36:27]} {[%emt 00:03:35]} 28. exd6
{[%clk 00:12:30]} {[%emt 00:04:45]} Nd7 {[%clk 00:34:11]} {[%emt 00:02:46]} 29.
e5 {[%clk 00:11:27]} {[%emt 00:01:33]} f6 {[%clk 00:33:54]} {[%emt 00:00:47]}
30. f4 {[%clk 00:10:40]} {[%emt 00:01:17]} Kf7 {[%clk 00:33:56]} {[%emt
00:00:29]} 31. Kf2 {[%clk 00:10:15]} {[%emt 00:00:54]} Ke8 {[%clk 00:32:08]}
{[%emt 00:02:17]} 32. Bh3 {[%clk 00:07:47]} {[%emt 00:02:58]} f5 {[%clk
00:32:21]} {[%emt 00:00:18]} 33. Bg2 {[%clk 00:07:12]} {[%emt 00:01:05]} Nc8
{[%clk 00:32:13]} {[%emt 00:00:39]} 34. Bf1 {[%clk 00:03:19]} {[%emt 00:04:22]}
Nc5 {[%clk 00:32:08]} {[%emt 00:00:35]} 35. Bc4 {[%clk 00:01:10]} {[%emt
00:02:39]} Kd7 {[%clk 00:32:05]} {[%emt 00:00:33]} 36. Bd4 {[%clk 00:01:05]}
{[%emt 00:00:35]} Ne4+ {[%clk 00:31:04]} {[%emt 00:01:31]} 37. Ke3 {[%clk
00:01:21]} {[%emt 00:00:13]} c5 {[%clk 00:30:31]} {[%emt 00:01:04]} 38. Bb2
{[%clk 00:00:49]} {[%emt 00:01:02]} Na7 {[%clk 00:30:07]} {[%emt 00:00:40]} 39.
Bd3 {[%clk 00:00:49]} {[%emt 00:00:44]} Nc6 {[%clk 00:28:51]} {[%emt 00:01:46]}
40. Bxe4 {[%clk 00:00:35]} {[%emt 00:00:45]} fxe4 {[%clk 00:29:20]} 41. Bc3
{[%clk 00:30:27]} {[%emt 00:00:36]} b6 {[%clk 00:58:46]} {[%emt 00:01:05]} 42.
Kxe4 {[%clk 00:30:11]} {[%emt 00:00:47]} Nd8 {[%clk 00:56:16]} {[%emt
00:03:00]} 43. g4 {[%clk 00:28:52]} {[%emt 00:01:48]} g6 {[%clk 00:56:25]}
{[%emt 00:00:22]} 44. Bd2 {[%clk 00:27:29]} {[%emt 00:01:52]} Nf7 {[%clk
00:55:23]} {[%emt 00:01:32]} 45. f5 {[%clk 00:24:31]} {[%emt 00:03:28]} g5
{[%clk 00:55:19]} {[%emt 00:00:34]} 46. Be1 {[%clk 00:22:18]} {[%emt 00:02:42]}
Nh8 {[%clk 00:55:18]} {[%emt 00:00:32]} 47. h4 {[%clk 00:20:25]} {[%emt
00:02:24]} Nf7 {[%clk 00:55:42]} {[%emt 00:00:06]} 48. Bf2 {[%clk 00:20:35]}
{[%emt 00:00:21]} Nh8 {[%clk 00:55:33]} {[%emt 00:00:38]} 49. hxg5 {[%clk
00:20:52]} {[%emt 00:00:12]} hxg5 {[%clk 00:56:01]} {[%emt 00:00:02]} 50. Be3
{[%clk 00:20:16]} {[%emt 00:01:05]} Nf7 {[%clk 00:56:23]} {[%emt 00:00:08]} 51.
fxe6+ {[%clk 00:18:19]} {[%emt 00:02:28]} Kxe6 {[%clk 00:56:33]} {[%emt
00:00:19]} 52. d7 {[%emt 00:00:42]} Kxd7 {[%clk 00:56:02]} {[%emt 00:00:36]}
53. Kf5 {[%clk 00:18:54]} {[%emt 00:00:09]} Nd8 {[%clk 00:56:13]} {[%emt
00:00:19]} 54. Bxg5 {[%clk 00:18:18]} {[%emt 00:01:06]} Ne6 {[%clk 00:56:37]}
{[%emt 00:00:06]} 55. Be3 {[%clk 00:18:36]} {[%emt 00:00:11]} Ng7+ {[%clk
00:56:57]} {[%emt 00:00:11]} 56. Kf6 {[%clk 00:17:55]} {[%emt 00:01:11]} Ne8+
{[%clk 00:57:17]} {[%emt 00:00:10]} 57. Kf7 {[%clk 00:18:14]} {[%emt 00:00:11]}
Nc7 {[%clk 00:57:34]} {[%emt 00:00:13]} 58. g5 {[%clk 00:18:07]} {[%emt
00:00:37]} 1-0

[Event "DEM U14 2023"]
[Site "Willingen GER"]
[Date "2023.05.30"]
[Round "4"]
[White "Mohammadzadeh, Daris"]
[Black "Skembris, Simon Max"]
[Result "1-0"]
[Termination "normal"]
[Board "22"]
[WhiteElo "1639"]
[BlackElo "1967"]
[WhiteClock "00:00:47"]
[BlackClock "00:00:58"]
[PlyCount "114"]
[WhiteFideId "34604359"]
[BlackFideId "16281381"]
[EventCountry "GER"]
[EventRounds "9"]
[EventType "swiss"]
[EventDate "2023.05.27"]

1. e4 {[%clk 01:30:57]} {[%emt 00:00:02]} c5 {[%clk 01:30:48]} {[%emt
00:00:11]} 2. Nc3 {[%clk 01:31:23]} {[%emt 00:00:04]} Nc6 {[%clk 01:31:08]}
{[%emt 00:00:10]} 3. Bb5 {[%clk 01:31:46]} {[%emt 00:00:07]} Nd4 {[%clk
01:30:22]} {[%emt 00:01:15]} 4. Bc4 {[%clk 01:31:52]} {[%emt 00:00:26]} g6
{[%clk 01:28:42]} {[%emt 00:02:10]} 5. Nge2 {[%clk 01:31:28]} {[%emt 00:00:54]}
Bg7 {[%clk 01:27:47]} {[%emt 00:01:24]} 6. Nxd4 {[%clk 01:30:56]} {[%emt
00:01:02]} cxd4 {[%clk 01:26:35]} {[%emt 00:01:43]} 7. Qf3 {[%clk 01:28:58]}
{[%emt 00:02:26]} e6 {[%clk 01:18:16]} {[%emt 00:08:51]} 8. Nb5 {[%clk
01:27:23]} {[%emt 00:02:04]} d6 {[%clk 01:14:03]} {[%emt 00:04:44]} 9. Qa3
{[%clk 01:25:09]} {[%emt 00:02:44]} Bf8 {[%clk 01:07:22]} {[%emt 00:07:10]} 10.
Nxd4 {[%clk 01:23:24]} {[%emt 00:02:16]} d5 {[%clk 01:03:35]} {[%emt 00:04:17]}
11. Bb5+ {[%clk 01:22:05]} {[%emt 00:01:48]} Bd7 {[%clk 01:01:22]} {[%emt
00:02:44]} 12. Qg3 {[%clk 01:20:49]} {[%emt 00:01:46]} Bg7 {[%clk 00:49:00]}
{[%emt 00:12:51]} 13. e5 {[%clk 01:12:56]} {[%emt 00:08:23]} Ne7 {[%clk
00:46:42]} {[%emt 00:02:48]} 14. f4 {[%clk 01:02:59]} {[%emt 00:10:28]} Rc8
{[%clk 00:42:19]} {[%emt 00:04:52]} 15. Bxd7+ {[%clk 00:59:52]} {[%emt
00:03:38]} Qxd7 {[%clk 00:42:22]} {[%emt 00:00:26]} 16. O-O {[%clk 00:56:28]}
{[%emt 00:03:55]} Bf8 {[%clk 00:37:06]} {[%emt 00:05:46]} 17. d3 {[%clk
00:50:59]} {[%emt 00:05:59]} Nf5 {[%clk 00:31:58]} {[%emt 00:05:38]} 18. Nxf5
{[%clk 00:49:34]} {[%emt 00:01:55]} gxf5 {[%clk 00:32:09]} {[%emt 00:00:18]}
19. c3 {[%clk 00:48:12]} {[%emt 00:01:52]} Kd8 {[%clk 00:28:41]} {[%emt
00:03:58]} 20. Qe3 {[%clk 00:39:07]} {[%emt 00:09:36]} Rg8 {[%clk 00:25:09]}
{[%emt 00:04:02]} 21. Bd2 {[%clk 00:34:08]} {[%emt 00:05:28]} d4 {[%clk
00:20:21]} {[%emt 00:05:19]} 22. Qf3 {[%clk 00:25:30]} {[%emt 00:09:08]} Bc5
{[%clk 00:18:57]} {[%emt 00:01:54]} 23. c4 {[%clk 00:22:56]} {[%emt 00:03:04]}
Kc7 {[%clk 00:18:04]} {[%emt 00:01:22]} 24. Rfc1 {[%clk 00:22:22]} {[%emt
00:01:05]} Rg4 {[%clk 00:17:28]} {[%emt 00:01:05]} 25. Be1 {[%clk 00:20:26]}
{[%emt 00:02:27]} Rcg8 {[%clk 00:17:12]} {[%emt 00:00:45]} 26. g3 {[%clk
00:20:27]} {[%emt 00:00:30]} h5 {[%clk 00:16:02]} {[%emt 00:01:39]} 27. Kf1
{[%clk 00:20:27]} {[%emt 00:00:31]} h4 {[%clk 00:15:34]} {[%emt 00:00:58]} 28.
Ke2 {[%clk 00:19:51]} {[%emt 00:01:06]} hxg3 {[%clk 00:15:25]} {[%emt
00:00:39]} 29. hxg3 {[%clk 00:18:29]} {[%emt 00:01:52]} Qd8 {[%clk 00:11:36]}
{[%emt 00:04:18]} 30. Bf2 {[%clk 00:15:25]} {[%emt 00:03:34]} f6 {[%clk
00:10:48]} {[%emt 00:01:18]} 31. exf6 {[%clk 00:12:37]} {[%emt 00:03:18]} Qxf6
{[%clk 00:10:29]} {[%emt 00:00:49]} 32. a3 {[%clk 00:12:42]} {[%emt 00:00:27]}
Re8 {[%clk 00:08:42]} {[%emt 00:02:15]} 33. Kd2 {[%clk 00:11:01]} {[%emt
00:02:12]} Bf8 {[%clk 00:07:42]} {[%emt 00:01:29]} 34. Re1 {[%clk 00:09:33]}
{[%emt 00:01:58]} Rg7 {[%clk 00:06:30]} {[%emt 00:01:42]} 35. Re5 {[%clk
00:08:39]} {[%emt 00:01:25]} Rd7 {[%clk 00:05:42]} {[%emt 00:01:17]} 36. Rae1
{[%clk 00:07:39]} {[%emt 00:01:30]} Bg7 {[%clk 00:04:49]} {[%emt 00:01:23]} 37.
Rb5 {[%clk 00:06:10]} {[%emt 00:01:59]} Kc8 {[%clk 00:04:46]} {[%emt 00:00:33]}
38. Rd5 {[%clk 00:03:23]} {[%emt 00:03:18]} Qf7 {[%clk 00:03:18]} {[%emt
00:01:58]} 39. Rc5+ {[%clk 00:02:27]} {[%emt 00:01:26]} Rc7 {[%clk 00:03:03]}
{[%emt 00:00:44]} 40. Rxc7+ {[%clk 00:01:08]} {[%emt 00:01:50]} Kxc7 {[%clk
00:01:03]} {[%emt 00:02:31]} 41. g4 {[%clk 00:14:53]} {[%emt 00:16:44]} fxg4
{[%clk 00:25:02]} {[%emt 00:06:31]} 42. Qxg4 {[%clk 00:15:08]} {[%emt
00:00:14]} e5 {[%clk 00:24:07]} {[%emt 00:01:26]} 43. Bg3 {[%clk 00:13:56]}
{[%emt 00:01:41]} Bh6 {[%clk 00:23:18]} {[%emt 00:01:19]} 44. Kd1 {[%clk
00:13:09]} {[%emt 00:01:17]} Rg8 {[%clk 00:19:23]} {[%emt 00:04:24]} 45. Qh4
{[%clk 00:06:09]} {[%emt 00:07:31]} Qg6 {[%clk 00:10:05]} {[%emt 00:09:48]} 46.
Kd2 {[%clk 00:04:09]} {[%emt 00:02:30]} Qxg3 {[%clk 00:08:45]} {[%emt
00:01:50]} 47. Qxh6 {[%clk 00:04:00]} {[%emt 00:00:39]} Qf2+ {[%clk 00:06:38]}
{[%emt 00:02:37]} 48. Re2 {[%clk 00:03:59]} {[%emt 00:00:31]} Qxf4+ {[%clk
00:06:35]} {[%emt 00:00:33]} 49. Qxf4 {[%clk 00:04:14]} {[%emt 00:00:16]} exf4
{[%clk 00:07:00]} {[%emt 00:00:04]} 50. Rf2 {[%clk 00:02:31]} {[%emt 00:02:14]}
Rg4 {[%clk 00:04:42]} {[%emt 00:02:48]} 51. Ke2 {[%clk 00:02:33]} {[%emt
00:00:27]} Kd6 {[%clk 00:03:09]} {[%emt 00:02:03]} 52. Kf3 {[%clk 00:02:44]}
{[%emt 00:00:19]} Rh4 {[%clk 00:02:14]} {[%emt 00:01:24]} 53. Ke4 {[%clk
00:02:31]} {[%emt 00:00:44]} f3+ {[%clk 00:01:58]} {[%emt 00:00:46]} 54. Kf5
{[%clk 00:01:39]} {[%emt 00:01:22]} Rh1 {[%clk 00:00:53]} {[%emt 00:01:34]} 55.
Rxf3 {[%clk 00:01:35]} {[%emt 00:00:35]} Rh2 {[%clk 00:01:06]} {[%emt
00:00:17]} 56. b4 {[%clk 00:01:55]} {[%emt 00:00:11]} Ra2 {[%clk 00:00:58]}
{[%emt 00:00:38]} 57. Ke4 {[%clk 00:00:47]} {[%emt 00:01:38]} Kd5+ {[%emt
00:01:39]} 1-0

[Event "DEM U14 2023"]
[Site "Willingen GER"]
[Date "2023.05.30"]
[Round "4"]
[White "Halich, Jan Finnian"]
[Black "Li, Luxuan"]
[Result "0-1"]
[Termination "normal"]
[Board "24"]
[WhiteElo "1134"]
[BlackElo "1403"]
[WhiteClock "00:58:00"]
[BlackClock "01:01:10"]
[PlyCount "44"]
[WhiteFideId "34623710"]
[BlackFideId "34617507"]
[EventCountry "GER"]
[EventRounds "9"]
[EventType "swiss"]
[EventDate "2023.05.27"]

1. e4 {[%clk 01:30:58]} {[%emt 00:00:02]} e5 {[%clk 01:30:56]} {[%emt
00:00:05]} 2. Nf3 {[%clk 01:31:09]} {[%emt 00:00:19]} Nc6 {[%clk 01:31:20]}
{[%emt 00:00:05]} 3. Bb5 {[%clk 01:31:34]} {[%emt 00:00:05]} a6 {[%clk
01:31:43]} {[%emt 00:00:08]} 4. Bxc6 {[%clk 01:31:59]} {[%emt 00:00:04]} dxc6
{[%clk 01:32:06]} {[%emt 00:00:08]} 5. O-O {[%clk 01:32:21]} {[%emt 00:00:07]}
Bg4 {[%clk 01:32:25]} {[%emt 00:00:11]} 6. h3 {[%clk 01:32:41]} {[%emt
00:00:08]} h5 {[%clk 01:32:45]} {[%emt 00:00:13]} 7. d3 {[%clk 01:32:25]}
{[%emt 00:00:46]} Qf6 {[%clk 01:31:43]} {[%emt 00:01:32]} 8. Nbd2 {[%clk
01:31:53]} {[%emt 00:01:01]} Ne7 {[%clk 01:31:40]} {[%emt 00:00:33]} 9. Re1
{[%clk 01:32:03]} {[%emt 00:00:21]} Ng6 {[%clk 01:31:12]} {[%emt 00:00:58]} 10.
d4 {[%clk 01:31:27]} {[%emt 00:01:06]} O-O-O {[%clk 01:24:50]} {[%emt
00:06:51]} 11. Nb3 {[%clk 01:14:19]} {[%emt 00:17:38]} Bxf3 {[%clk 01:14:46]}
{[%emt 00:10:34]} 12. Qxf3 {[%clk 01:13:47]} {[%emt 00:01:02]} Qxf3 {[%clk
01:15:00]} {[%emt 00:00:17]} 13. gxf3 {[%emt 00:00:12]} exd4 {[%clk 01:15:02]}
{[%emt 00:00:23]} 14. Rd1 {[%clk 01:07:32]} {[%emt 00:07:08]} c5 {[%clk
01:13:38]} {[%emt 00:01:54]} 15. Bd2 {[%clk 01:05:39]} {[%emt 00:02:23]} c4
{[%clk 01:11:37]} {[%emt 00:02:31]} 16. Na5 {[%clk 01:04:47]} {[%emt 00:01:21]}
d3 {[%emt 00:04:36]} 17. cxd3 {[%clk 01:03:51]} {[%emt 00:00:08]} cxd3 {[%clk
01:08:47]} {[%emt 00:00:33]} 18. Rac1 {[%clk 01:03:41]} {[%emt 00:00:39]} Bd6
{[%clk 01:07:00]} {[%emt 00:02:17]} 19. a3 {[%clk 01:01:04]} {[%emt 00:03:08]}
Nh4 {[%clk 01:02:07]} {[%emt 00:05:23]} 20. f4 {[%clk 00:59:15]} {[%emt
00:02:12]} Nf3+ {[%clk 01:01:22]} {[%emt 00:01:21]} 21. Kf1 {[%clk 00:57:37]}
{[%emt 00:02:09]} Nxd2+ {[%clk 01:01:16]} {[%emt 00:00:36]} 22. Rxd2 {[%clk
00:58:00]} {[%emt 00:00:06]} Bxf4 {[%clk 01:01:10]} {[%emt 00:00:36]} 0-1